Cities ranked & rated : more than 400 metropolitan areas evaluated in the U.S. and Canada /

Bibliographic Details
Main Author: Sperling, Bert
Corporate Author: NetLibrary, Inc
Other Authors: Sander, Peter
Format: eBook
Language:English
Published: Hoboken, NJ : Wiley, [2004]
Edition:1st ed.
Subjects:
Online Access:Connect to the full text of this electronic book

MARC

Tag First Indicator Second Indicator Subfields
LEADER 00000cam a2200000Ia 4500
001 in00002000576
005 20220105141711.0
006 m d
007 cr cnu---unuuu
008 040320s2004 nju s 001 0 eng d
020 |a 0764568698 (electronic bk.) 
035 |a (OCoLC)ocm54774471 
040 |a N$T  |c N$T  |d OCLCQ  |d UtOrBLW 
043 |a n-us---  |a n-cn--- 
049 |a IKMN 
050 1 4 |a HT123  |b .S64 2004eb 
082 0 4 |a 917.104648  |2 22 
100 1 |a Sperling, Bert.  |0 http://id.loc.gov/authorities/names/n2004099018 
245 1 0 |a Cities ranked & rated :  |b more than 400 metropolitan areas evaluated in the U.S. and Canada /  |c Bert Sperling & Peter Sander. 
246 3 |a Cities ranked and rated 
250 |a 1st ed. 
264 1 |a Hoboken, NJ :  |b Wiley,  |c [2004] 
264 4 |c ©2004 
300 |a 820 pages ;  |c 28 cm. 
336 |a text  |b txt  |2 rdacontent 
337 |a computer  |b c  |2 rdamedia 
338 |a online resource  |b cr  |2 rdacarrier 
500 |a Includes index. 
500 |a "Frommer's"--Spine. 
533 |a Electronic reproduction.  |b Boulder, Colo. :  |c NetLibrary,  |d 2004.  |n Available via World Wide Web.  |n Access may be limited to NetLibrary affiliated libraries. 
500 |a Electronic resource. 
650 0 |a Cities and towns  |z United States. 
650 0 |a Cities and towns  |z Canada.  |0 http://id.loc.gov/authorities/subjects/sh2008100796 
651 0 |a United States  |v Guidebooks.  |0 http://id.loc.gov/authorities/subjects/sh85140005 
651 0 |a Canada  |v Guidebooks.  |0 http://id.loc.gov/authorities/subjects/sh2007100380 
655 7 |a Electronic books.  |2 local 
700 1 |a Sander, Peter.  |0 http://id.loc.gov/authorities/names/n90613129 
710 2 |a NetLibrary, Inc.  |0 http://id.loc.gov/authorities/names/no99080690 
776 1 |c Original  |z 076452562X  |w (OCoLC)54771245 
856 4 1 |u https://proxy.library.tamu.edu/login?url=http://www.netLibrary.com/urlapi.asp?action=summary&v=1&bookid=106817  |z Connect to the full text of this electronic book  |t 0 
994 |a 92  |b IKM 
999 |a MARS 
999 f f |s 8f3716fc-8388-3830-9e64-5e046de8a4fc  |i d154196a-a233-3e1b-bf2d-32e8c7f0ba8b  |t 0 
952 f f |a Texas A&M University  |b College Station  |c Electronic Resources  |d Available Online  |t 0  |e HT123 .S64 2004eb  |h Library of Congress classification 
998 f f |a HT123 .S64 2004eb  |t 0  |l Available Online